[Event "IECC M email"]
[Site "IECC email"]
[Date "2002.05.31"]
[Round "?"]
[White "Dunning, Stephen"]
[Black "Fernandez Alvarez, Juan Pablo"]
[Result "1/2-1/2"]
[WhiteElo "1500"]
[BlackElo "1500"]
[PlyCount "53"]
[EventDate "2002.??.??"]
[EventType "tourn (corr)"]
[EventRounds "6"]
[SourceTitle "Corr 2008"]
[Source "ChessBase"]
[SourceDate "2008.06.24"]
[SourceVersion "1"]
[SourceVersionDate "2008.06.24"]
[SourceQuality "1"]

1. e4 e5 2. f4 Qh4+ 3. g3 Qe7 4. fxe5 d6 5. Nc3 dxe5 6. Bc4 Nc6 7. Nf3 Bg4 8. Bb5 Qc5 9. Bxc6+ Qxc6 10. h3 Qh6 11. d4 Qh5 12. Kf2 Bxf3 13. Qxf3 Qxf3+ 14. Kxf3 exd4 15. Nb5 0-0-0 16. Nxa7+ Kb8 17. Nb5 g6 18. Bf4 Rd7 19. Nxd4 Bg7 20. c3 Nf6 21. Nb5 Rd3+ 22. Ke2 Rd7 23. Bxc7+ Rxc7 24. Nxc7 Kxc7 25. Kf3 Nd7 26. b3 Nc5 27. Rac1 1/2-1/2

[Event "IECC M email"]
[Site "IECC email"]
[Date "2002.05.31"]
[Round "?"]
[White "Fernandez Alvarez, Juan Pablo"]
[Black "Dunning, Stephen"]
[Result "0-1"]
[WhiteElo "1500"]
[BlackElo "1500"]
[PlyCount "80"]
[EventDate "2002.??.??"]
[EventType "tourn (corr)"]
[EventRounds "6"]
[SourceTitle "Corr 2008"]
[Source "ChessBase"]
[SourceDate "2008.06.24"]
[SourceVersion "1"]
[SourceVersionDate "2008.06.24"]
[SourceQuality "1"]

1. e4 c5 2. Nf3 d6 3. d4 cxd4 4. Nxd4 Nf6 5. Nc3 a6 6. Bg5 e6 7. Qd2 Nc6 8. 0-0-0 h6 9. Bh4 Nxe4 10. Bxd8 Nxd2 11. Nxc6 bxc6 12. Rxd2 Kxd8 13. g3 d5 14. Bg2 Bb4 15. a3 Bxc3 16. bxc3 Rb8 17. c4 Kc7 18. cxd5 exd5 19. Re1 Be6 20. Re3 Rb5 21. Rb3 Rhb8 22. Kb2 d4 23. Rxb5 Rxb5+ 24. Kc1 c5 25. Bf1 Rb6 26. Rd3 Bc4 27. Rd1 Bxf1 28. Rxf1 Re6 29. Kd2 Kc6 30. Rb1 Rf6 31. Ke2 Kc7 32. Rb2 Rb6 33. Ra2 Rb1 34. Kd2 Kc6 35. c3 Kd5 36. Kc2 Rb6 37. Ra1 Rf6 38. f4 g5 39. fxg5 Rf2+ 40. Kd3 c4# 0-1